| 000 | 00401nam a2200097Ia 4500 | ||
|---|---|---|---|
| 008 | 180130s9999 xx 000 0 und d | ||
| 245 |
_cAbrami, Regina M. _aPictures of the past: historical influences in contemporary Asian business systems |
||
| 260 | _c2014 | ||
| 300 | _aBook title: The Oxford handbook of Asian business systems--Acession number C19643; pages 589-610 | ||
| 650 | _aBUSINESS SYSTEMS--ASIA | ||
| 999 |
_c354433 _d354433 |
||